000 00449nam a2200181Ia 4500
001 13748
005 20260306164824.0
008 260306t2009||||xx |||||||||||||| ||spa||
041 _aESP
082 _a005.133C2
_bS83P
100 _aStroustrup, Bjarne
_eAUT
245 0 _aProgramming:
_bprinciples and practice using C++
260 _c2009
300 _a1236 páginas :
_c23 cm.
650 _aGEN
654 _aCCC
942 _cLIB
_dJUS
_fJUS
_2ddc
_n
999 _c13748
_d13748